000 00563nam a2200193 a 4500
005 20140310183433.0
008 080111s19uu xx 00 eng d
020 _a0471296791
050 _aTX 911.3.M3
_b.Sh53 2000
100 _aShaw, Margaret
245 _aHospitality sales :
_ba marketing approach /
_cMargaret Shaw
260 _aNew York :
_bJohn Wiley & Sons, Inc,
_c2000.
300 _a341 p. :
_bill. ;
_c24 cm.
521 _aTOU
650 _aHospitality industry
_xMarketing.
700 _aMorris, Susan V.
942 _cBK
_2lcc
_kFOR
999 _c22776
_d22776